000 00547nam a2200217Ia 4500
003 OSt
005 20220918192723.0
006 a|||||r|||| 00| 0
007 ta
008 220917b |||||||| |||| 00| 0 eng d
024 _a69,820
037 _cTextual
040 _aARTS
_cARTS
_beng
041 _2eng
_aeng
082 _aR3210bW, L6
100 _aSeliger M
_979929
245 0 _aIdeology and politics
260 _aNew York
_bFree press
_c1976
942 _hR3210bW, L6
_cTEXL
_2CC
999 _c195949
_d195949